| 000 -LEADER |
| fixed length control field |
01388nam a22002175a 4500 |
| 003 - CONTROL NUMBER IDENTIFIER |
| control field |
AR-BaISA |
| 005 - DATE AND TIME OF LATEST TRANSACTION |
| control field |
20240902092322.0 |
| 007 - PHYSICAL DESCRIPTION FIXED FIELD--GENERAL INFORMATION |
| fixed length control field |
ta |
| 008 - FIXED-LENGTH DATA ELEMENTS--GENERAL INFORMATION |
| fixed length control field |
920213s1992 sp ad |||| ||spa d |
| 020 ## - INTERNATIONAL STANDARD BOOK NUMBER |
| International Standard Book Number |
8479780053 |
| 040 ## - CATALOGING SOURCE |
| Transcribing agency |
AR-BaISA |
| 082 04 - DEWEY DECIMAL CLASSIFICATION NUMBER |
| Edition number |
22 |
| Classification number |
616.8 C179 |
| 100 10 - MAIN ENTRY--PERSONAL NAME |
| Personal name |
Cardinali, Daniel P. |
| 9 (RLIN) |
34 |
| 245 10 - TITLE STATEMENT |
| Title |
Manual de neurofisiología |
| Medium |
[Texto impreso] / |
| Statement of responsibility, etc. |
Daniel P. Cardinali |
| 260 ## - PUBLICATION, DISTRIBUTION, ETC. |
| Place of publication, distribution, etc. |
Madrid: |
| Name of publisher, distributor, etc. |
Díaz de Santos, |
| Date of publication, distribution, etc. |
1991 |
| 300 ## - PHYSICAL DESCRIPTION |
| Extent |
XVIII, 339 p.: |
| Other physical details |
il., graf.; |
| Dimensions |
24 cm. |
| 504 ## - BIBLIOGRAPHY, ETC. NOTE |
| Bibliography, etc. note |
Bibliografía al final de cada capítulo |
| 505 ## - FORMATTED CONTENTS NOTE |
| Title |
Biología de las células nerviosas -- |
| -- |
Generación y conducción de potenciales en el sistema nervioso -- |
| -- |
Transmisión sinaptica -- |
| -- |
Fisiología del sistema somatosensorial -- |
| -- |
Fisiología de la visión -- |
| -- |
Fisiología de la audición, del gusto y del olfato -- |
| -- |
Fisiología muscular -- |
| -- |
Organización funcional del sistema motor -- |
| -- |
Médula espinal y reflejos musculares. Tono muscular -- |
| -- |
Control de la postura y equilibrio, generación del movimiento -- |
| -- |
Fisiología del cerebelo y de los ganglios basales -- |
| -- |
Tronco encefálico y la formación reticular -- |
| -- |
Sistema nervioso autónomo -- |
| -- |
Fisiología del hipotálamo y del sistema límbico -- |
| -- |
Correlatos electrofisiológicos de la actividad cortical. Fisiología del sueño -- |
| -- |
Funciones cognitivas |
| 650 14 - SUBJECT ADDED ENTRY--TOPICAL TERM |
| Topical term or geographic name entry element |
Neurofisiología |
| 9 (RLIN) |
63 |
| 942 ## - ADDED ENTRY ELEMENTS (KOHA) |
| Source of classification or shelving scheme |
|
| Koha item type |
Libros |